Novos rumos do processo tributr̀io Judicial, Administrativo e Mťodos Alternativos de Cobranȧ do Crďito Tributr̀io / Volume I

Detalles Bibliográficos
Autor principal: Silva Ricetti Marques, Renata Elaine
Formato: eBook
Lenguaje:portugués
Publicado: San Pablo: Editora Noeses, 2020
Materias:
Acceso en línea:Acceso restringido

MARC

LEADER 00000nam a22000007a 4500
005 20201118230037.0
007 cr|||| ||||
008 201118s2020 br |||||s|||| 00||0 por d
020 |a 978-85-8310-147-5 
035 |a 32343 
040 |a vLex 
090 |c 10905  |d 10905 
100 1 |a Silva Ricetti Marques, Renata Elaine 
245 1 0 |a Novos rumos do processo tributr̀io  |h [Recurso electrn̤ico] :  |b Judicial, Administrativo e Mťodos Alternativos de Cobranȧ do Crďito Tributr̀io /  |c Renata Elaine Silva Ricetti Marques  |n Volume I 
256 |a Servicio en ln̕ea 
260 |a San Pablo:  |b Editora Noeses,  |c 2020 
300 |a 1 recurso electrn̤ico 
506 1 |a Disponible solo en los productos indicados  |d vLex Global  |d vLex Global (Academic Edition, excluding Law Schools)  |d vLex Global (U.S. Academic Edition, Law Schools)  |d vLex Global (U.S. Academic Edition, excluding Law Schools)  |d vLex Global (Academic Edition, Law Schools) 
650 0 4 |a Derecho Fiscal  |z Brasil 
740 0 |a vLex Libros (Servicio en ln̕ea) 
856 4 0 |u http://vlex.com/source/novos-rumos-processo-tributario-volume-i-32343  |z Acceso restringido 
942 |c BOOK 
999 0 |a Tax Law